|
|
|
|
| LEADER |
00000nab a2200000 ar4500 |
| 001 |
vtls010445120 |
| 003 |
SK-MaSNL |
| 005 |
20260303203929.0 |
| 008 |
180911c2012 xo mr|p|||||||000 b|slo |
| 038 |
|
|
|a PPPK
|
| 040 |
|
|
|a PPPKCL
|b slo
|c PPPKCL
|e AACR2
|
| 041 |
0 |
|
|a slo
|
| 044 |
|
|
|a xo
|c SK
|
| 080 |
|
|
|a 796.5
|x (234.372.4)
|2 2001
|
| 245 |
0 |
0 |
|a Turistické chodníky budú bez problémov priechodné
|c [text] TANAP ; Foto: Lenka Burdová
|
| 300 |
|
|
|b Fotogr.
|
| 650 |
0 |
7 |
|a turistika
|2 pppkcl
|9 683
|
| 650 |
0 |
7 |
|a turistické chodníky
|2 pppkcl
|9 71065
|
| 651 |
|
7 |
|a Vysoké Tatry (Poľsko a Slovensko : pohorie)
|2 SNKPHgeo
|9 67729
|
| 651 |
|
7 |
|a Tatranský národný park (Slovensko)
|2 pppkcl
|9 106968
|
| 700 |
1 |
|
|a Burdová, Lenka,
|d 1967-
|4 pht
|9 698101
|
| 773 |
0 |
|
|t Kežmarok
|g Roč. XX, č. 11 (2012), s. 11
|
| 852 |
|
|
|a PPPK
|b KIS3GCP
|
| 999 |
|
|
|c 2187739
|d 2189669
|